Statystyki dla Podróż po Świecie -Quiz Geopolityczny #2

Kliknij tutaj aby rozwiązać quiz!

Ogólne statystyki

  • Ten quiz został rozwiązany 2 994 razy
    (2 982 od ostatniego zresetowania)
  • Średni wynik to 19 z 28

Statystyki odpowiedzi

KierunekKraj w którym się znajdujesz% Poprawnych
ZachódNiemcy
100%
ZachódFrancja
99%
Południowy ZachódHiszpania
97%
ZachódLuksemburg / Belgia
96%
PołudnieMaroko
86%
WschódAlgieria
81%
WschódLibia
78%
PółnocEgipt
75%
ZachódSudan
71%
PołudnieCzad
68%
Północny WschódIzrael
63%
PółnocTurcja
63%
PółnocEtiopia
62%
Północny WschódKenia
59%
WschódSudan Południowy
59%
PółnocSyria
59%
ZachódDemokratyczna Republika Konga
58%
PółnocLiban
57%
PołudnieRepublika Środkowoafrykańska
56%
Południowy ZachódAngola
54%
Północny WschódTanzania
53%
PołudnieUganda
53%
WschódZimbabwe
53%
PółnocErytrea
52%
WschódMozambik
52%
Północny ZachódZambia
52%
PołudnieNamibia
51%
WschódBotswana
49%

Rozkład punktacji

Percentyl według liczby udzielonych odpowiedzi

Procent ludzi z każdym wynikiem

Twoja historia wyników

Nie rozwiązałeś tego quizu od ostatniego zresetowania